[Event "POR-ch U14"]
[Site "Luso"]
[Date "2017.04.09"]
[Round "2"]
[White "Correia, Bruno Filipe Soares"]
[Black "Sousa, Ana Joao Rodrigues"]
[Result "0-1"]
[WhiteElo "1242"]
[BlackElo "1088"]
[PlyCount "122"]
[EventDate "2017.04.08"]
[EventType "swiss"]
[EventRounds "8"]
[EventCountry "POR"]
[SourceTitle "EXT 2018"]
[Source "ChessBase"]
[SourceDate "2017.10.13"]
[SourceVersion "1"]
[SourceVersionDate "2017.10.13"]
[SourceQuality "1"]

1. d4 Nf6 2. c4 g6 3. Nc3 Bg7 4. Bg5 0-0 5. e3 d6 6. Nf3 Bf5 7. Bd3 Qd7 8. h3 Bxd3 9. Qxd3 Nc6 10. a3 e5 11. d5 Ne7 12. Ne4 Nxe4 13. Qxe4 Rfe8 14. h4 Qf5 15. Qxf5 Nxf5 16. e4 Nh6 17. Bd2 Rad8 18. h5 Ng4 19. hxg6 fxg6 20. Ng5 h6 21. Ne6 Rd7 22. f3 Nf6 23. Nxg7 Rxg7 24. Rxh6 Nh5 25. g4 Nf4 26. Bxf4 exf4 27. Rc1 c5 28. dxc6 bxc6 29. Rd1 Rd8 30. c5 d5 31. exd5 Re7+ 32. Kf2 Kg7 33. Rhh1 Rxd5 34. Rxd5 cxd5 35. Rd1 Re5 36. c6 Re6 37. c7 Rc6 38. Rxd5 Rxc7 39. Rd2 Kh6 40. Kg2 Re7 41. Kh3 Re3 42. Rf2 g5 43. Kg2 Kg6 44. Rd2 Kf6 45. Kf2 Ke5 46. Rd7 Rb3 47. Rxa7 Rxb2+ 48. Ke1 Kd4 49. Rd7+ Ke3 50. Re7+ Kxf3 51. a4 Ra2 52. Rg7 Kxg4 53. a5 Rxa5 54. Ke2 Ra2+ 55. Kf1 Kh4 56. Rh7+ Kg3 57. Rg7 g4 58. Rf7 Kf3 59. Ke1 g3 60. Rg7 g2 61. Rg6 Ra1+ 0-1